| 000 | 00377nab a22001097u 4500 | ||
|---|---|---|---|
| 008 | 130520b2007 xxu||||| |||| 00| 0 spa d | ||
| 041 | _aspa | ||
| 100 | 1 |
_aIguíñiz Echeverría, Javier María _966892 |
|
| 245 | 0 | 0 |
_aEl gran contexto de las encíclicas _cJavier María Iguíñiz Echeverría |
| 773 | 0 |
_tAngelicum _gV.84, nº3-4,2007,págs. 519-538 _x0003-3081 _wRev26 |
|
| 942 | _cAR | ||
| 999 |
_c383798 _d383798 |
||